Valorant teams by 1 player - Statistics

General Stats
  • This quiz has been taken 181 times
  • The average score is 17 of 22
Answer Stats
Hint Answer % Correct
TenZ Sentinels
96%
f0rsaken Paper Rex
94%
Saadhak LOUD
93%
JonahP G2
91%
ZmjjKK EDward Gaming
90%
jawgemo Evil Geniuses
89%
Leo Fnatic
89%
t3xture Gen.G Esports
89%
OXY Cloud9
87%
MaKo DRX
85%
aspas Leviatan
84%
Boostio 100 Thieves
82%
Crashies NRG
82%
Sayf Team Vitality
80%
N4RRATE Karmine Corp
77%
yay Bleed Esports
71%
BerLIN FunPlus Phoenix
69%
MrFaliN FUT Esports
69%
SUYGETSU Natus Vincere
69%
Rossy T1
64%
havoc FURIA Esports
59%
Nicc Dragon Ranger Gaming
36%
No matching quizzes found
Score Distribution
Percent of People with Each Score
Percentile by Number Answered
Your Score History
You have not taken this quiz